Principios generales de derecho inmobiliario y legislación hipotecaria (Record no. 25604)

MARC details
000 -LEADER
campo de control de longitud fija 00716nam a2200193 i 4500
001 - NÚMERO DE CONTROL
campo de control 25604
003 - IDENTIFICADOR DE NÚMERO DE CONTROL
campo de control ES-MaACL
005 - FECHA Y HORA DE LA ÚLTIMA TRANSACCIÓN
campo de control 20250809024059.0
007 - CAMPO FIJO DE DESCRIPCIÓN FÍSICA--INFORMACIÓN GENERAL
campo de control de longitud fija t|
008 - DATOS DE LONGITUD FIJA--INFORMACIÓN GENERAL
campo de control de longitud fija 021227q1941 sp ||||1| spa d
100 1# - ENTRADA PRINCIPAL--NOMBRE DE PERSONA
Nombre de persona Armero Delgado, Mario.
9 (RLIN) 22967
245 10 - MENCIÓN DEL TÍTULO
Título Principios generales de derecho inmobiliario y legislación hipotecaria
Resto del título : contestaciones... de oposiciones a registros /
Mención de responsabilidad, etc. Mario Armero Delgado.
260 ## - PUBLICACIÓN, DISTRIBUCIÓN, ETC.
Lugar de publicación, distribución, etc. Madrid :
Nombre del editor, distribuidor, etc. [s.n.,
Fecha de publicación, distribución, etc. 1941?] (
Fabricante Imp. Samarán)
300 ## - DESCRIPCIÓN FÍSICA
Extensión 2 v. ;
Dimensiones 23 cm.
505 8# - NOTA DE CONTENIDO CON FORMATO
Nota de contenido con formato Contiene: 1º Tomo: Temas 1 al 23 -- 2º Tomo: Temas 65 a 88 (Hipotecas)
650 #7 - PUNTO DE ACCESO ADICIONAL DE MATERIA--TÉRMINO DE MATERIA
Término de materia o nombre geográfico como elemento de entrada Derecho inmobiliario registral
Fuente del encabezamiento o término embne
9 (RLIN) 166038
852 ## - LOCALIZACIÓN
Ubicación ES-MaACL
Número de control de estantería P-899
Sublocalización o colección R.18852
Holdings
Estatus retirado Estado de pérdida Estado de daño No para préstamo Biblioteca de origen Biblioteca actual Ubicación en estantería Fecha de adquisición Fuente de adquisición Total de préstamos Signatura topográfica completa Código de barras Visto por última vez Precio de reemplazo Tipo de ítem Koha
        Biblioteca del Ateneo de Madrid Biblioteca del Ateneo de Madrid Depósito 2 17/01/2008     P-899 1026405 23/02/2023 23/02/2023 Libro impreso